10 Most Famous Cities in San Marino on a Map - Statistics

General Stats
  • This quiz has been taken 35 times
  • The average score is 5 of 10
Answers on the Map
Answers color-coded by a green-red scale on the quiz's map according to % correct below.
 
Answer Stats
Wiki Monthly Views Cityquiz Mention Rate Population Answers % Correct
28.65K 32.44% 4.11K San Marino
100%
7.79K 1.07% 11.18K Serravalle
58%
4.51K - 7.00K Dogana
50%
3.47K 0.18% 6.96K Borgo Maggiore
42%
2.14K 0.21% 2.61K Fiorentino
42%
1.31K 0.13% 3.58K Domagnano
38%
1.23K 0.14% 1.17K Faetano
38%
1.58K 0.03% 1.01K Montegiardino
38%
1.85K 0.16% 2.12K Acquaviva
35%
1.82K 0.01% 1.18K Chiesanuova
35%
No matching quizzes found
Score Distribution
Percent of People with Each Score
Percentile by Number Answered
Your Score History
You have not taken this quiz